000 00590nam a2200229Ia 4500
003 OSt
005 20220924150752.0
006 a|||||r|||| 00| 0
007 ta
008 220923b |||||||| |||| 00| 0 tel d
024 _a334526
037 _cTextual
040 _aARTS
_cARTS
_btel
041 _2tel
_atel
082 _aO35,3:g(Y15), N8
100 _aEnoch Kolakaluri Ed.
_9222871
245 0 _aDalitha kathalu - 2
260 _c1998
650 _aTELUGU FICTION
942 _hO35,3:g(Y15), N8
_cTEXL
_2CC
999 _c464427
_d464427